Atomic Energy in India : A perspective (Record no. 23117)

MARC details
000 -LEADER
fixed length control field 00339nam a2200145Ia 4500
003 - CONTROL NUMBER IDENTIFIER
control field OSt
005 - DATE AND TIME OF LATEST TRANSACTION
control field 20191018144208.0
008 - FIXED-LENGTH DATA ELEMENTS--GENERAL INFORMATION
fixed length control field 140316s9999 xx 000 0 und d
082 ## - DEWEY DECIMAL CLASSIFICATION NUMBER
Classification number 539.7
Item number GOV/AT
100 ## - MAIN ENTRY--PERSONAL NAME
Personal name GOV
245 ## - TITLE STATEMENT
Title Atomic Energy in India : A perspective
260 ## - PUBLICATION, DISTRIBUTION, ETC. (IMPRINT)
Name of publisher, distributor, etc. Govt. of India
Date of publication, distribution, etc. 2005
300 ## - PHYSICAL DESCRIPTION
Extent 60
942 ## - ADDED ENTRY ELEMENTS (KOHA)
Source of classification or shelving scheme Dewey Decimal Classification
Koha item type Report
Holdings
Withdrawn status Lost status Source of classification or shelving scheme Damaged status Not for loan Home library Current library Shelving location Date acquired Total Checkouts Full call number Barcode Date last seen Price effective from Koha item type
    Dewey Decimal Classification     KAU Central Library, Thrissur KAU Central Library, Thrissur Closed Reference 18/03/2014   539.7 GOV/AT 804934 18/03/2014 18/03/2014 Reference Book
    Dewey Decimal Classification     KAU Central Library, Thrissur KAU Central Library, Thrissur Reports 18/10/2019   539.7 GOV/AT   18/10/2019 18/10/2019 Report
Kerala Agricultural University Central Library
Thrissur-(Dt.), Kerala Pin:- 680656, India
Ph : (+91)(487) 2372219
E-mail: librarian@kau.in
Website: http://library.kau.in/